Para que los hechos no se repitan: informe de la Comisión de la Verdad y la Reconciliación
Este informe se centra en la presentación ordenada y detallada de los eventos históricos investigados por la Comisión. A través de la creación de cronologías precisas, el informe busca proporcionar una visión estructurada de los sucesos pasados, incluyendo conflictos, violaciones a los derechos huma...
Uloženo v:
| Médium: | Text |
|---|---|
| Jazyk: | Spanish |
| Témata: | |
| Tagy: |
Přidat tag
Žádné tagy, Buďte první, kdo vytvoří štítek k tomuto záznamu!
|
MARC
| LEADER | 00000 a a2200000 04500 | ||
|---|---|---|---|
| 001 | 44526 | ||
| 003 | cru IIS | ||
| 005 | 20230903081359.0 | ||
| 008 | 230903b |||||||| |||| 00| 0 spa d | ||
| 040 | |c CRAI | ||
| 245 | |a Para que los hechos no se repitan: |b informe de la Comisión de la Verdad y la Reconciliación | ||
| 520 | |a Este informe se centra en la presentación ordenada y detallada de los eventos históricos investigados por la Comisión. A través de la creación de cronologías precisas, el informe busca proporcionar una visión estructurada de los sucesos pasados, incluyendo conflictos, violaciones a los derechos humanos y otros acontecimientos relevantes. Al organizar la información de esta manera, se pretende brindar claridad y comprensión sobre la secuencia de hechos y sus implicaciones en la sociedad, contribuyendo así a la construcción de una base para la reconciliación y la prevención de futuras injusticias. RAR 08/2023 | ||
| 650 | 0 | |2 OCDE |9 38 |a DERECHOS HUMANOS | |
| 650 | 0 | |2 OCDE |9 4728 |a CONFLICTOS | |
| 650 | 0 | |2 OCDE |9 9977 |a INFORMES | |
| 650 | 0 | |2 OCDE |9 4685 |a CRONOLOGIA | |
| 650 | 0 | |2 UNESCO |9 5923 |a PROCESOS DE PAZ | |
| 650 | 0 | |2 OCDE |9 138 |a PAZ | |
| 650 | 0 | |2 UNESCO |9 5440 |a JUSTICIA | |
| 773 | |g Tomo I, 551 páginas | ||
| 942 | |2 ddc |c LI | ||
| 999 | |c 22819 |d 22819 | ||
